000 00510nam a2200181Ia 4500
008 090124s9999 xx 000 0 und d
082 _b21301
100 _aभावे पु. भा.
245 _a स्मरणी
250 _a1
260 _bविश्वमोहिनी प्रकाशन
_c1974
300 _a146
600 _aभावे पु. भा.
630 _a स्मरणी
700 _aभावे पु. भा.
730 _a स्मरणी
942 _cBOOK
999 _c91220
_d91220